000 00637nam a2200301Ia 4500
005 20260401122139.0
008 008 250103s9999 xx 000 0 eng d
020 _a746308973
037 _aTB
040 _aEDL
040 _beng
040 _cEDL
041 _2eng
041 _aeng
084 _aIn823.3 GUP
084 _qEDL
100 _aGupta, Suman
_91232723
245 0 _aV.S.Naipaul
245 0 _cGupta, Suman
260 _aPhymouth
260 _bNortheote House
260 _c1999
300 _a110p
942 _cTB
942 _hIn823.3 GUP
999 _c1845257
_d1845257